security and defence policy in the european union / (Record no. 11116)
[ view plain ]
| 000 -LEADER | |
|---|---|
| fixed length control field | 01122cam a22003018a 4500 |
| 001 - CONTROL NUMBER | |
| control field | 14825340 |
| 005 - DATE AND TIME OF LATEST TRANSACTION | |
| control field | 20201128020712.0 |
| 008 - FIXED-LENGTH DATA ELEMENTS--GENERAL INFORMATION | |
| fixed length control field | 070427s2007 nyu b 001 0 eng |
| 010 ## - LIBRARY OF CONGRESS CONTROL NUMBER | |
| LC control number | 2007017598 |
| 020 ## - INTERNATIONAL STANDARD BOOK NUMBER | |
| International Standard Book Number | 9780333639122 ( alk. paper) |
| 040 ## - CATALOGING SOURCE | |
| Original cataloging agency | DLC |
| Transcribing agency | DLC |
| Modifying agency | DLC |
| 043 ## - GEOGRAPHIC AREA CODE | |
| Geographic area code | e------ |
| 050 00 - LIBRARY OF CONGRESS CALL NUMBER | |
| Classification number | UA646 |
| Item number | .E9237 2007 |
| 082 00 - DEWEY DECIMAL CLASSIFICATION NUMBER | |
| Classification number | 355.03354 |
| Edition number | 22 |
| Item number | HOW |
| 245 00 - TITLE STATEMENT | |
| Title | security and defence policy in the european union / |
| Statement of responsibility, etc | Jolyon Howorth. |
| 260 ## - PUBLICATION, DISTRIBUTION, ETC. (IMPRINT) | |
| Place of publication, distribution, etc | New York, NY : |
| Name of publisher, distributor, etc | Palgrave macmillan, |
| Date of publication, distribution, etc | 2007. |
| 300 ## - PHYSICAL DESCRIPTION | |
| Extent | 315 p; |
| Dimensions | 22 cm. |
| 490 0# - Series Statement | |
| Series statement | Routledge advances in European politics |
| 500 ## - GENERAL NOTE | |
| General note | Includes Index. |
| 504 ## - BIBLIOGRAPHY, ETC. NOTE | |
| Bibliography, etc | Includes bibliographical references and index. |
| 610 20 - SUBJECT ADDED ENTRY--CORPORATE NAME | |
| Corporate name or jurisdiction name as entry element | North Atlantic Treaty Organization |
| General subdivision | Congresses. |
| 9 (RLIN) | 2779 |
| 650 #0 - SUBJECT ADDED ENTRY--TOPICAL TERM | |
| Topical term or geographic name as entry element | National security |
| Geographic subdivision | Europe |
| General subdivision | International cooperation |
| -- | Congresses. |
| 9 (RLIN) | 2780 |
| 700 1# - ADDED ENTRY--PERSONAL NAME | |
| Personal name | Merlingen, Michael, |
| Dates associated with a name | 1964- |
| 9 (RLIN) | 2781 |
| 700 1# - ADDED ENTRY--PERSONAL NAME | |
| Personal name | Ostrauskaite, Rasa, |
| Dates associated with a name | 1974- |
| 9 (RLIN) | 2782 |
| 856 41 - ELECTRONIC LOCATION AND ACCESS | |
| Materials specified | Table of contents only |
| Uniform Resource Identifier | <a href="http://www.loc.gov/catdir/toc/ecip0716/2007017598.html">http://www.loc.gov/catdir/toc/ecip0716/2007017598.html</a> |
| 942 ## - ADDED ENTRY ELEMENTS (KOHA) | |
| Source of classification or shelving scheme | Dewey Decimal Classification |
| Item type | NB - Book (Non borrowing) |
| Withdrawn status | Item status | Source of classification or shelving scheme | Damaged status | Not for loan | Vendor | Home library | Current library | Shelving location | Date acquired | Source of acquisition | Cost, normal purchase price | Serial Enumeration / chronology | Total Checkouts | Full call number | Barcode | Date last seen | Koha item type |
|---|---|---|---|---|---|---|---|---|---|---|---|---|---|---|---|---|---|
| Dewey Decimal Classification | Baccah | Central Library | Central Library | First floor | 25/03/2009 | 188.00 | 7525 | 355.03354 HOW | 000015620 | 15/07/2025 | NB - Book (Non borrowing) |